000
00315nam a22001217a 4500
008
160613b xxu||||| |||| 00| 0 eng d
020
_a
9780763726034
020
_a
0763726036
041
_a
eng
080
_a
618.2
245
_a
Role development in professional nursing practice:
_c
Matbleen Masters;
942
_2
udc
_c
BK
999
_c
2464
_d
2464